000 00299nam a22001337a 4500
008 170905b xxu||||| |||| 00| 0 eng d
020 _a0195085280
041 _aeng
080 _a070
100 _a40
101 _aMED
245 _aTELEVISION THE CRITICAL VIEW
_cHORAGE.N
942 _2udc
_cBK
999 _c26126
_d26126